Some port numbers - Statistics

General Stats
  • This quiz has been taken 7 times
  • The average score is 5 of 13
Answer Stats
Hint Answer % Correct
SSH 22
100%
TELNET 23
83%
HTTP 80
83%
NTP 123
33%
SMPT 25
33%
HTTPS 443
33%
DNS 53
33%
TFTP 69
33%
POP3 110
17%
IMAP4 143
17%
FTP 20 21
17%
IMAP (S) 993
0%
POP3 (S) 995
0%
No matching quizzes found
Score Distribution
Percent of People with Each Score
Percentile by Number Answered
Your Score History
You have not taken this quiz